Statistics for Italian Provinces

Click here to take the quiz!

General Stats

  • This quiz has been taken 107 times
  • The average score is 14 of 20

Answer Stats

ExtensionAnswer% Correct
25.703 km^2Sicily
93%
24.090 km^2Sardinia
89%
22.990 km^2Tuscany
87%
23.863 km^2Lombardy
83%
17.208 km^2Lazio
81%
18.391 km^2Veneto
81%
15.081 km^2Calabria
74%
13.590 km^2Campania
73%
25.400 km^2Piedmont
71%
19.366 km^2Puglia
70%
8.456 km^2Umbria
70%
22.123 km^2Emilia-Romagna
69%
5.420 km^2Liguria
68%
9.694 km^2Marche
64%
10.795 km^2Abruzzo
63%
9.995 km^2Basilicata
63%
4.438 km^2Molise
62%
7.856 km^2Friuli-Venezia Giulia
60%
13.607 km^2Trentino-Alto Adige
60%
3.263 km^2Valle d'Aosta
45%

Score Distribution

Percentile by Number Answered

Percent of People with Each Score

Your Score History

You have not taken this quiz